<?xml version="1.0" encoding="UTF-8"?>
<record
    xmlns:xsi="http://www.w3.org/2001/XMLSchema-instance"
    xsi:schemaLocation="http://www.loc.gov/MARC21/slim http://www.loc.gov/standards/marcxml/schema/MARC21slim.xsd"
    xmlns="http://www.loc.gov/MARC21/slim">

  <leader>03728nam a22003977c 4500</leader>
  <controlfield tag="001">a5992052</controlfield>
  <controlfield tag="003">SpMaBN</controlfield>
  <controlfield tag="005">20250211120156.0</controlfield>
  <controlfield tag="008">150129s2016    sp a          000 1 spa  </controlfield>
  <datafield tag="015" ind1=" " ind2=" ">
    <subfield code="a">MON16</subfield>
  </datafield>
  <datafield tag="020" ind1=" " ind2=" ">
    <subfield code="a">9788494565700</subfield>
  </datafield>
  <datafield tag="035" ind1=" " ind2=" ">
    <subfield code="a">(OCoLC)1002940850</subfield>
  </datafield>
  <datafield tag="040" ind1=" " ind2=" ">
    <subfield code="a">SpMaBN</subfield>
    <subfield code="b">eng</subfield>
    <subfield code="c">SpMaBN</subfield>
    <subfield code="e">rdc</subfield>
  </datafield>
  <datafield tag="041" ind1="1" ind2=" ">
    <subfield code="a">spa</subfield>
  </datafield>
  <datafield tag="041" ind1="1" ind2=" ">
    <subfield code="h">jpn</subfield>
  </datafield>
  <datafield tag="100" ind1="1" ind2=" ">
    <subfield code="a">Ozaki, Kaori</subfield>
    <subfield code="d">1976-</subfield>
    <subfield code="e">author</subfield>
    <subfield code="e">illustrator</subfield>
  </datafield>
  <datafield tag="240" ind1=" " ind2=" ">
    <subfield code="a">Ningyo Ouji.</subfield>
    <subfield code="l">English.</subfield>
  </datafield>
  <datafield tag="245" ind1="1" ind2="3">
    <subfield code="a">El principe del mar</subfield>
    <subfield code="c">/ Kaori Ozaki ; translated by Salom&#xF3;n Doncel Moriano-Urbano</subfield>
  </datafield>
  <datafield tag="250" ind1=" " ind2=" ">
    <subfield code="a">Sixth edition.</subfield>
  </datafield>
  <datafield tag="260" ind1=" " ind2=" ">
    <subfield code="a">Colombres, Spain : </subfield>
    <subfield code="b">Milky Way Ediciones,</subfield>
    <subfield code="c">2015.</subfield>
  </datafield>
  <datafield tag="300" ind1=" " ind2=" ">
    <subfield code="a">1 volume (unpaged) :</subfield>
    <subfield code="b">chiefly illustrations (black and white) ;</subfield>
    <subfield code="c">18 cm.</subfield>
  </datafield>
  <datafield tag="500" ind1=" " ind2=" ">
    <subfield code="a">Edited for Japanese language reading.</subfield>
  </datafield>
  <datafield tag="505" ind1=" " ind2=" ">
    <subfield code="a">Book reads from right to left.</subfield>
  </datafield>
  <datafield tag="520" ind1=" " ind2=" ">
    <subfield code="a">Mugi, un estudiante transferido de Tokio que ahora vive en una isla del sur de Jap&#xF3;n, puede soportar las quemaduras del sol y el acoso que sufre en la escuela. Lo que no puede soportar es el oc&#xE9;ano, el agua en la que no sabe nadar, y el cu&#xF1;ado que hace tan feliz a su hermana mayor.

Desde que sus padres fallecieron y este extra&#xF1;o se convirti&#xF3; en "familia", Mugi siente que no pertenece a ning&#xFA;n lugar, que tal vez deber&#xED;a simplemente... ahogarse. Sintiendo que no encaja ni siquiera en su propio hogar, busca refugio en su &#xFA;nica amiga, una chica local llamada Matori, cuya abuela les cuenta sobre una misteriosa leyenda: unas sirenas en una cala secreta que conceden un deseo a quien las encuentre.

As&#xED; que cuando el cu&#xF1;ado de Mugi es arrastrado por el mar mientras intenta salvar a un nadador imprudente atrapado en aguas turbulentas, Mugi deber&#xE1; tomar una decisi&#xF3;n: hundirse o nadar para intentar arreglar las cosas.

Tambi&#xE9;n incluye dos historias cortas: una sobre una joven que lucha por navegar las emociones complejas del trauma y el dif&#xED;cil proceso de crecer y distanciarse de sus amigos, y otra sobre un bibliotecario que se encuentra con un padre e hijo inusuales buscando refugio de la nieve.</subfield>
  </datafield>
  <datafield tag="520" ind1=" " ind2=" ">
    <subfield code="a">Mugi, a transfer student from Tokyo now living in a southern island of Japan, can stand the new sunburn and the bullying he receives at school. It's the ocean, the water that he doesn't know how to swim in, and the brother-in-law who's making his older sister so happy, that he can't handle. Ever since his parents passed and this stranger became "family," Mugi's felt like there's nowhere he belongs, like maybe he should just... drown. Feeling out of place in his own home, he turns for refuge to his one friend, local girl Matori, whose grandmother tells them about a mysterious legend surrounding mermaids in a secret cove who will grant one wish to whoever they meet. So when Mugi's brother-in-law gets swept off to sea trying to save a carless swimmer in rough waters, it's up to Mugi to try to make things right--sink or swim. Also includes two short stories, one following a young girl trying to navigate the complicated emotions that come with trauma and the difficulty of growing up and apart from friends, and another about a librarian who encounters an unusual father and son seeking shelter from the snow. </subfield>
  </datafield>
  <datafield tag="650" ind1=" " ind2="0">
    <subfield code="a">Teenagers</subfield>
    <subfield code="v">Comic books, strips, etc.</subfield>
    <subfield code="9">24737</subfield>
  </datafield>
  <datafield tag="650" ind1=" " ind2="0">
    <subfield code="a">Legends</subfield>
    <subfield code="v">Comic books, strips, etc.</subfield>
    <subfield code="9">24738</subfield>
  </datafield>
  <datafield tag="650" ind1=" " ind2="0">
    <subfield code="a">Female friendship</subfield>
    <subfield code="v">Comic books, strips, etc.</subfield>
    <subfield code="9">24739</subfield>
  </datafield>
  <datafield tag="650" ind1=" " ind2="0">
    <subfield code="a">Self-actualization (Psychology)</subfield>
    <subfield code="v">Comic books, strips, etc.</subfield>
    <subfield code="9">24740</subfield>
  </datafield>
  <datafield tag="650" ind1=" " ind2="0">
    <subfield code="a">Librarians</subfield>
    <subfield code="v">Comic books, strips, etc.</subfield>
    <subfield code="9">24741</subfield>
  </datafield>
  <datafield tag="655" ind1=" " ind2="0">
    <subfield code="a">Manga</subfield>
    <subfield code="9">22426</subfield>
  </datafield>
  <datafield tag="655" ind1=" " ind2="0">
    <subfield code="a">Graphic novels</subfield>
    <subfield code="9">23022</subfield>
  </datafield>
  <datafield tag="655" ind1=" " ind2="0">
    <subfield code="a">Comics (Graphic works)</subfield>
    <subfield code="9">23020</subfield>
  </datafield>
  <datafield tag="700" ind1=" " ind2=" ">
    <subfield code="a">Doncel Moriano-Urbano, Salom&#xF3;n</subfield>
    <subfield code="9">24742</subfield>
    <subfield code="e">translator</subfield>
  </datafield>
  <datafield tag="942" ind1=" " ind2=" ">
    <subfield code="2">lcc</subfield>
  </datafield>
  <datafield tag="952" ind1=" " ind2=" ">
    <subfield code="0">0</subfield>
    <subfield code="1">0</subfield>
    <subfield code="2">lcc</subfield>
    <subfield code="4">0</subfield>
    <subfield code="7">0</subfield>
    <subfield code="a">TBS</subfield>
    <subfield code="b">TBS</subfield>
    <subfield code="d">2023-07-19</subfield>
    <subfield code="l">1</subfield>
    <subfield code="o">COM-SP OZA</subfield>
    <subfield code="p">B05133</subfield>
    <subfield code="r">2024-11-28</subfield>
    <subfield code="s">2024-11-27</subfield>
    <subfield code="t">1</subfield>
    <subfield code="w">2023-07-19</subfield>
    <subfield code="y">COMIC</subfield>
  </datafield>
  <datafield tag="999" ind1=" " ind2=" ">
    <subfield code="c">3767</subfield>
    <subfield code="d">3767</subfield>
  </datafield>
</record>
